000 00562nam a2200217Ia 4500
003 OSt
005 20230511110916.0
008 210423s1992 xx 000 0 und d
040 _cAL
041 _aeng
082 _a361.1
_223
_bSRIS
100 _aSRINIVAS (M N)
_9102608
245 _aSome reflections on dowry
260 _aNew Delhi
_bOxford University Press
_c1992
300 _a32
365 _cINR
650 _aSocial Problems
_9102609
650 _aSocial Problems & Services
_9102610
906 _adowry ; reflections ; Some
942 _2ddc
_cBK
999 _c171919
_d171919